| 000 | 01464nam a22002417a 4500 | ||
|---|---|---|---|
| 999 |
_c6995 _d6995 |
||
| 003 | DO-SdBJH | ||
| 005 | 20220906180135.0 | ||
| 008 | 220906b ||||| |||| 00| 0 spa d | ||
| 040 |
_aDO-SdBJH _bspa _cDO-SdBJH |
||
| 090 |
_aTG ANMG _b01779 2020 |
||
| 100 | 1 |
_aFranco Arias, Miky Alejandra _esustentante |
|
| 245 | 1 | 0 |
_aSituación actual y prospectiva de la industria marítima en la República Dominicana / _c Miky Alejandra Franco Arias, Eric Joel Fruto Echeverría, asesores Manuel Feliz Ledesma, Ramon De Jesús Jorge Taveras |
| 260 |
_aSanto Domingo Este : _bINSUDE, _c2020 |
||
| 300 | _axi, 62 páginas | ||
| 502 | _aTrabajo de grado (Licenciado en Ciencias Navales). -- Instituto Superior para la Defensa (INSUDE). Academia Naval Marina de Guerra “Vicealmirante Cesar D’Windt Lavandier”, 2020. | ||
| 504 | _aIncluye referencias bibliográficas e índices | ||
| 505 | _aElementos de la industria marítima, conforme a los parámetros internacionales. -- Incidencia del poder naval en el desarrollo de la industria marítimo. -- Situación actual de la industria marítima en la Republica Dominicana y cuales son las prospectiva | ||
| 700 | 1 |
_aFruto Echeverría, Eric Joel _esustentante |
|
| 700 | 1 |
_aFeliz Ledesma, Manuel _easesor |
|
| 700 | 1 |
_a Jorge Taveras, Ramon De Jesús _easesor |
|
| 830 | _aINSUDE. Academia Naval Marina de Guerra “Vicealmirante Cesar D’Windt Lavandier”. Tesis y disertaciones académicas | ||
| 942 |
_2CL _cT |
||